| 000 | 01014nam a2200253 c 4500 | ||
|---|---|---|---|
| 001 | 190791 | ||
| 003 | ES-MaACL | ||
| 005 | 20250301203710.0 | ||
| 008 | 220711s2020 sp 001 0 spa | ||
| 020 | _a978-84-18178-46-7 | ||
| 080 | _a821.134.2 Vázquez Montalbán, Manuel 2.07 | ||
| 100 | 1 |
_aGarcía, Sesi ( _d1992-) _9174848 |
|
| 245 | 1 | 0 |
_aMezclando memoria y deseo : _bla poesía de Manuel Vázquez Montalbán (1963-2003) / _cSergio García García. |
| 260 |
_aValencia : _bPre-Textos ; _a[Santander] : _bFundación Gerardo Diego, _c[2020] |
||
| 300 |
_a388 p. ; _c24 cm. |
||
| 500 | _aEn lomo: 1659. | ||
| 504 | _aBibliografía: p. 365-388. | ||
| 586 | _aXX Premio Internacional "Gerardo Diego" de Investigación Literaria, 2019 | ||
| 600 | 0 | 4 |
_aVázquez Montalbán, Manuel, _9113463 _d1939- |
| 650 | 0 |
_9235981 _aCritica e interpretacion literaria |
|
| 852 | 4 |
_aES-MaACL _jA-15013 _9 197974 _bR.153329 _cDEPO1 _dOlim: N-8013 _hDonación: Editorial |
|
| 942 | _2udc | ||
| 999 |
_c190791 _d190791 |
||